[Event "Strasbourg op"]
[Site "Strasbourg"]
[Date "1991.??.??"]
[Round "1"]
[White "Galdunts, Sergey"]
[Black "Hertzog, Guy"]
[Result "1-0"]
[WhiteElo "2445"]
[BlackElo "1650"]
[PlyCount "67"]
[EventDate "1991.??.??"]
[EventType "swiss"]
[EventRounds "9"]
[EventCountry "FRA"]
[SourceTitle "EXT 1997"]
[Source "ChessBase"]
[SourceDate "1996.11.15"]
[SourceVersion "1"]
[SourceVersionDate "1996.11.15"]
[SourceQuality "1"]

1. d4 Nf6 2. Nf3 g6 3. Bf4 Bg7 4. h3 d6 5. Nbd2 Nbd7 6. e3 a6 7. Be2 c5 8. 0-0 0-0 9. c3 Nd5 10. Bh2 b6 11. Qb3 Bb7 12. a4 Nc7 13. dxc5 Nxc5 14. Qa3 Bc6 15. Nd4 Bxd4 16. cxd4 Nxa4 17. Rfc1 Bb5 18. Bd1 Nc5 19. dxc5 bxc5 20. b4 Ne6 21. Ne4 c4 22. Qc3 d5 23. Nc5 Nxc5 24. bxc5 f6 25. Bf3 e6 26. Bd6 Rf7 27. e4 dxe4 28. Bxe4 Raa7 29. Rd1 Qe8 30. Qa5 f5 31. Bf3 Qc8 32. c6 Rg7 33. Be5 Rgf7 34. Rd8+ 1-0